Top 10 acteurs les mieux payés d'Hollywood (2024) - Statistics

General Stats
  • This quiz has been taken 93 times
  • The average score is 2 of 10
Answer Stats
Hint Answer % Correct
32 millions $ Brad Pitt
90%
88 millions $ Dwayne Johnson
29%
26 millions $ Will Smith
26%
81 millions $ Kevin Hart
14%
31 millions $ Georges Clooney
11%
26 millions $ Adam Sandler
7%
85 millions $ Ryan Gosling
6%
60 millions $ Jerry Seinfeld
4%
50 millions $ Hugh Jackman
3%
24 millions $ Channing Tatum
1%
No matching quizzes found
Score Distribution
Percent of People with Each Score
Percentile by Number Answered
Your Score History
You have not taken this quiz